Počítačová kriminalita podľa práva platného v Slovenskej republike.
Páchanie trestnej činnosti v oblasti počítačov. Počítačová kriminalita v SR. Novelizácia Trestného zákona po r. 1989. Počítačové programy ako predmet ochrany autorského práva. Právna podstata počítačových sietí. Smernica pre národných zákonodarcov, jednotná trestná politika na úseku počítačovej krim...
Salvato in:
| Autore principale: | |
|---|---|
| Natura: | Capitolo di libro |
| Lingua: | slovacco |
| Soggetti: | |
| Tags: |
Nessun Tag, puoi essere il primo ad aggiungerne!!
|
MARC
| LEADER | 00000naa a2200000 4500 | ||
|---|---|---|---|
| 001 | r013727 | ||
| 005 | 20221205080324.4 | ||
| 041 | 0 | |a slo | |
| 044 | |a SK | ||
| 245 | 1 | 0 | |a Počítačová kriminalita podľa práva platného v Slovenskej republike. |c Ján Drgonec |
| 520 | |a Páchanie trestnej činnosti v oblasti počítačov. Počítačová kriminalita v SR. Novelizácia Trestného zákona po r. 1989. Počítačové programy ako predmet ochrany autorského práva. Právna podstata počítačových sietí. Smernica pre národných zákonodarcov, jednotná trestná politika na úseku počítačovej kriminality, osem foriem činností založených na zneužití počítača. | ||
| 610 | 2 | 0 | |a kriminalita hospodárska |
| 610 | 2 | 0 | |a počítače |
| 610 | 2 | 0 | |a softvér |
| 610 | 2 | 0 | |a právo trestné |
| 610 | 2 | 0 | |a Slovensko |
| 610 | 2 | 0 | |a ochrana právna |
| 100 | 1 | |a Drgonec, Ján | |